Top 30 des films Disney les plus vus en France - Statistiques

Statistiques générales
  • Ce quiz a été pris 324 fois
  • Le résultat moyen est 17 sur 30
Statistiques - réponses
Année
de sortie
Nombre
d'entrées
Film % Correct
1. 1938 18 290 843 Blanche-Neige et les Sept Nains
96%
4. 1950 13 226 772 Cendrillon
92%
22. 2013 5 174 000 La Reine des Neiges
88%
27. 2017 2 600 000 La Belle et la Bête
87%
7. 1994 10 718 727 Le Roi Lion
85%
21. 2019 10 017 995 Le Roi Lion
85%
26. 2010 2 700 000 Raiponce
79%
16. 2019 7 401 300 La Reine des Neiges 2
77%
11. 2024 8 081 044 Vaiana 2
72%
18. 1993 7 280 423 Aladdin
71%
29. 1990 2 400 000 La Petite Siréne
71%
6. 1955 11 175 716 La Belle et le Clochard
67%
3. 1961 14 680 000 Les 101 Dalmatiens
64%
5. 1971 12 317 000 Les Aristochats
63%
19. 1953 7 255 475 Peter Pan
63%
8. 1947 10 679 106 Bambi
59%
14. 1946 7 835 702 Pinocchio
59%
2. 1968 14 695 741 Le Livre de la Jungle
58%
12. 1999 7 859 751 Tarzan
55%
10. 2024 8 427 652 Vice-Versa 2
52%
9. 2003 9 528 033 Le Monde de Nemo
51%
23. 2016 4 842 000 Zootopie
50%
13. 2007 7 845 210 Ratatouille
46%
24. 2021 3 800 000 Encanto : La Fantastique Famille Madrigal
45%
20. 1977 7 219 476 Les Aventures de Bernard et Bianca
37%
30. 2004 2 300 000 Frère des ours
27%
25. 2019 2 800 000 Ralph 2.0
19%
28. 2015 2 500 000 Les Nouveaux Héros
18%
15. 2009 7 803 757 L'âge de glace 3
5%
17. 2023 7 359 395 Super Mario Bros
2%
Aucun quiz correspondant
Distribution des résultats
% des personnes avec chaque résultat
Percentile par nombre de réponses
Votre historique - résultats
Vous n’avez pas pris ce quiz